Невинность и бездна (Запись № 1041293)

Подробности
000 -МАРКЕР
контрольное поле 01476nam0a2200373 4500
001 - ИДЕНТИФИКАТОР ЗАПИСИ
контрольное поле RU\NLR\bibl\1091003
005 - ИДЕНТИФИКАТОР ВЕРСИИ
контрольное поле 20260405100824.0
010 ## - МЕЖДУНАРОДНЫЙ СТАНДАРТНЫЙ НОМЕР КНИГИ (ISBN)
Номер (ISBN) 5-05-005557-1
021 ## - НОМЕР ГОСУДАРСТВЕННОЙ РЕГИСТРАЦИИ
Код страны российская федерация
Номер 2007-26974
Номер Листа государственной регистраци 1436
035 ## - ДРУГИЕ СИСТЕМНЫЕ НОМЕРА
Идентификатор записи (NLR Aleph) 001078137
100 ## - ДАННЫЕ ОБЩЕЙ ОБРАБОТКИ
Данные общей обработки 20070525d2007 |||y0rusy50 ca
101 0# - ЯЗЫК РЕСУРСА
Язык текста, звукозаписи и т.д. русский
-- французский
Язык оригинала русский
102 ## - СТРАНА ПУБЛИКАЦИИ ИЛИ ПРОИЗВОДСТВА
Страна публикации российская федерация
105 ## - ПОЛЕ КОДИРОВАННЫХ ДАННЫХ: ТЕКСТОВЫЕ МАТЕРИАЛЫ, МОНОГРАФИЧЕСКИЕ
Кодированные данные о монографическом текстовом документе a |||||||||
200 1# - ЗАГЛАВИЕ И СВЕДЕНИЯ ОБ ОТВЕТСТВЕННОСТИ
Основное заглавие Невинность и бездна
Параллельное заглавие L'innocence et l'abîme
Первые сведения об ответственности Игорь Кузнецов
Язык параллельного заглавия французский
Последующие сведения об ответственности [рис. Лидии Коган]
210 ## - ПУБЛИКАЦИЯ, РАСПРОСТРАНЕНИЕ И ДР.
Место издания, распространения и т.д. Москва
-- Париж
Имя издателя, распространителя и т. д. [б.и.]
Дата издания, распространения и т.д. 2007
215 ## - ФИЗИЧЕСКАЯ ХАРАКТЕРИСТИКА
Специфическое обозначение материала и объем 367, [1] c.
Другие сведения о физической характеристике ил.
Размеры 15
225 1# - СЕРИЯ
Основное заглавие серии Путь к совершенству
Параллельное заглавие серии La voie vers la perfection
Язык параллельного заглавия французский
300 ## - ОБЩИЕ ПРИМЕЧАНИЯ
Текст примечания Авт. также на фр. яз.: Igor Kouznétsov
300 ## - ОБЩИЕ ПРИМЕЧАНИЯ
Текст примечания Текст парал. на рус. и фр. яз.
510 1# - ПАРАЛЛЕЛЬНОЕ ЗАГЛАВИЕ
Связь между полями z45790
Параллельное заглавие L'innocence et l'abîme
Язык заглавия французский
686 ## - ИНДЕКСЫ ДРУГИХ КЛАССИФИКАЦИЙ
Индекс Ш6(2=Р)75-495
686 ## - ИНДЕКСЫ ДРУГИХ КЛАССИФИКАЦИЙ
Индекс Ш6(2=Р)77франц.
700 #1 - ИМЯ ЛИЦА - ПЕРВИЧНАЯ ОТВЕТСТВЕННОСТЬ
Код отношения Автор
Материалы, к которым относится поле rus
Графика поля Кириллица
Начальный элемент ввода Кузнецов
Часть имени, кроме начального элемента ввода И. В.
Дополнения к именам, кроме дат писатель
Даты 1951-
Расширение инициалов личного имени Игорь Владимирович
Идентификатор авторитетной/нормативной записи RU\NLR\auth\7729442
Системный номер авторитетной/нормативной записи 12471
702 #1 - ИМЯ ЛИЦА - ВТОРИЧНАЯ ОТВЕТСТВЕННОСТЬ
Начальный элемент ввода Коган
Часть имени, кроме начального элемента ввода Л.
Расширение инициалов личного имени Лидия
Код отношения Иллюстратор
790 #1 - ИМЯ ЛИЦА - АЛЬТЕРНАТИВНАЯ ФОРМА
Код отношения Автор
Материалы, к которым относится поле rus
Графика поля Латинская
Начальный элемент ввода Kuznecov
Часть имени, кроме начального элемента ввода I. V.
Дополнения к именам, кроме дат писатель
Даты 1951-
Расширение инициалов личного имени Igor' Vladimirovič
Идентификатор авторитетной/нормативной записи RU\NLR\auth\7736900
Системный номер авторитетной/нормативной записи 19889
801 #0 - ИСТОЧНИК ЗАПИСИ
Страна российская федерация
Организация NLR
Дата составления 20070525
Правила каталогизации RCR
801 #1 - ИСТОЧНИК ЗАПИСИ
Страна российская федерация
Организация NLR
Дата составления 20070525
942 ## - ДОПОЛНИТЕЛЬНЫЕ ЭЛЕМЕНТЫ ЗАПИСИ (АБИС)
Тип экземпляра АБИС Книга
980 ## - КОЛЛЕКЦИЯ
Название коллекции Национальная библиография
Экземпляры
Тип экземпляра Дата поступления Источник поступления Библиотека постоянного хранения Библиотека текущего хранения Место хранения Шифр хранения Штрих-код Статус не для выдачи
Книга 25.05.2007 Обязательный экземпляр РНБ (Московский) РНБ (Московский) Русский книжный фонд: издания с 1957 года, 9этаж 2007-1/375 2442149  
Книга 25.05.2007 Обязательный экземпляр РНБ (Московский) РНБ (Московский) Русский книжный фонд: издания с 1957 года, 9этаж 2007-1/375 2442151